• 首页
  • 本馆介绍
  • 公告通知
  • 最新文献
  • 馆藏检索
  • 电子资源
  • 读者导购
  • 参考咨询
  • 我的图书馆
  • 登录
  • 详细信息显示
  • 放入我的书架
  • 预约/预借图书
  • 作者相关作品
  • 分类相关作品
  • 丛书相关作品
  • 出版社相关作品

书目信息

  • 表格格式
  • 工作单格式
  • 卡片格式
题名:
城市总体规划原理
    
 
作者: 郐艳丽 , 田莉 编著
分册:  
出版信息: 北京   中国人民大学出版社  2013.6
页数: 257页
开本: 26cm
丛书名:
单 册:
中图分类: TU984.11
科图分类:
主题词: 城市规划--总体规划--高等学校--教材 , 城市规划 , 总体规划
电子资源:
ISBN: 978-7-300-17317-7
000 01090nam0 2200289 450
001 0400005913
005 20171031134752.0
010    @a978-7-300-17317-7@dCNY35.00
090    @aTU984@bkyl
100    @a20140429e20162013em y0chiy50 ea
101 0  @achi
102    @aCN@b110000
105    @aab z 000yy
106    @ar
200 1  @a城市总体规划原理@Acheng shi zong ti gui hua yuan li@f郐艳丽,田莉编著
210    @a北京@c中国人民大学出版社@d2013.6@h2016.8
215    @a257页@c图,地图@d26cm
300    @a21世纪城市规划与管理系列教材
330    @a本书内容包括:概论、城市发展理论、城市规划理论、发达国家与地区总体规划、城市总体规划编制方法与规划纲要编制、城镇体系规划与城市总体布局、城市支撑系统规划、城市专项系统规划、城市总体规划的审批与实施、新时期城市总体规划的发展趋势与展望。
606 0  @a城市规划@x总体规划@x高等学校@j教材
606 0  @a城市规划
606 0  @a总体规划
690    @aTU984.11@v5
701  0 @a郐艳丽@Akuai yan li@c(女)@4编著
701  0 @a田莉@Atian li@c(女,@f1973.10~)@4编著
801  0 @aCN@b上海新华@c20171031
905    @b1023537-41@dTU984.11@e1366@f5
    
    城市总体规划原理/郐艳丽,田莉编著.-北京:中国人民大学出版社,2013.6(2016.8)
    257页:图,地图;26cm
    21世纪城市规划与管理系列教材
    
    ISBN 978-7-300-17317-7:CNY35.00
    本书内容包括:概论、城市发展理论、城市规划理论、发达国家与地区总体规划、城市总体规划编制方法与规划纲要编制、城镇体系规划与城市总体布局、城市支撑系统规划、城市专项系统规划、城市总体规划的审批与实施、新时期城市总体规划的发展趋势与展望。
●
相关链接 在E读中查询图书 在五车中查询图书 在当当中查询图书 在豆瓣中查询图书


正题名:城市总体规划原理     索取号:TU984.11/1366         预约/预借

序号 登录号 条形码 馆藏地/架位号 状态 备注
1 1023537   210235379   第二样本阅览室/ [索取号:TU984.11/1366] 在馆    
2 1023538   210235388   密集书库-生命科学系/ [索取号:TU984.11/1366] 在馆    
3 1023539   210235397   第三借阅区/ [索取号:TU984.11/1366] 在馆    
4 1023540   210235404   第三借阅区/ [索取号:TU984.11/1366] 在馆    
5 1023541   210235413   第三借阅区/ [索取号:TU984.11/1366] 在馆    
唐山师范学院图书馆 欢迎您!
大连网信软件有限公司© 版权所有